[Event "IECC M email"]
[Site "IECC email"]
[Date "1999.09.28"]
[Round "?"]
[White "Marsoni, Francesco"]
[Black "Metcalfe, Keith"]
[Result "0-1"]
[WhiteElo "1033"]
[BlackElo "1102"]
[PlyCount "24"]
[EventDate "1999.??.??"]
[EventType "tourn (corr)"]
[EventRounds "6"]
[SourceTitle "Corr 2008"]
[Source "ChessBase"]
[SourceDate "2008.06.24"]
[SourceVersion "1"]
[SourceVersionDate "2008.06.24"]
[SourceQuality "1"]

1. d4 f5 2. g3 Nf6 3. c4 e6 4. Nc3 Nc6 5. Bg2 Bb4 6. Bg5 0-0 7. d5 Bxc3+ 8. bxc3 Ne5 9. Qd4 d6 10. dxe6 Bxe6 11. Bxb7 c5 12. Qe3 Rb8 0-1